00476nam a2200145 i 4500001000300000100001700003245009200020250001600112260002100128700002600149040000800175041000800183008004100191856009800232bg1 aLINDNER, Jan 0aPrzeciwpożarowe urządzenia i instalacje wodne /cJan Lindner, Włodzimierz Struś. aWyd.2 uzup. aWarszawa,c1977.1 aSTRUŚ, Włodzimierz cBPK apol s pl f |000 0 pol  uhttp://koha.tu.koszalin.pl/cgi-bin/koha/opac-detail.pl?biblionumber=17534yKatalog online BPK